• 首页
  • 本馆介绍
  • 公告通知
  • 最新文献
  • 馆藏检索
  • 电子资源
  • 读者导购
  • 参考咨询
  • 我的图书馆
  • 登录
  • 详细信息显示
  • 放入我的书架
  • 预约/预借图书
  • 作者相关作品
  • 分类相关作品
  • 丛书相关作品
  • 出版社相关作品

书目信息

  • 表格格式
  • 工作单格式
  • 卡片格式
题名:
理性连续介质力学入门
    
 
作者: 德冈辰雄 著 ;赵镇 译
分册:  
出版信息: 北京   科学出版社  1982
页数: 260页
开本: 19cm
丛书名:
单 册:
中图分类: O33
科图分类:
主题词: 理性力学:连续介质力学 , 连续介质力学:理性力学
电子资源:
ISBN:
000 00742nam0 2200265 45
001 0182001303
005 20040630150719.7
010    @dCNY1.30
091    @a13131.1944
100    @a19950404d1982 em y0chiy0121 ea
101 1  @achi@cjpn
102    @aCN@b110000
105    @ay z 000yy
106    @ar
200 10 @a理性连续介质力学入门@Ali xing lian xu jie zhi li xue ru men@f(日)德冈辰雄著@g赵镇译
210    @a北京@c科学出版社@d1982
215    @a260页@d19cm
606    @a理性力学:连续介质力学
606    @a连续介质力学:理性力学
690    @aO33@v3
701  0 @a德冈辰雄@Ade gang chen xiong@4著
702  0 @a赵镇@Azhao zhen@4译
801  0 @aCN@b上海图书馆@c20040518
801  2 @aCN@bNLC@c20040518
905    @dO33@e18@f1@b77685
    
    理性连续介质力学入门/(日)德冈辰雄著/赵镇译.-北京:科学出版社,1982
    260页;19cm
    
    
    ISBN :CNY1.30
    
●
相关链接 在E读中查询图书 在五车中查询图书 在当当中查询图书 在豆瓣中查询图书


正题名:理性连续介质力学入门     索取号:O33/18         预约/预借

序号 登录号 条形码 馆藏地/架位号 状态 备注
1 0077682   001472551   第三借阅区/ [索取号:O33/18] 在馆    
2 0077683   000384827   第三借阅区/ [索取号:O33/18] 在馆    
3 0077684   000384818   第三借阅区/ [索取号:O33/18] 在馆    
4 0077685   001937872   第三借阅区/ [索取号:O33/18] 在馆    
5 0077686   000384809   第二样本阅览室/ [索取号:O33/18] 在馆    
唐山师范学院图书馆 欢迎您!
大连网信软件有限公司© 版权所有